Status Report On Joint Forest Management (JFM) And Village Eco -oevecoment (VED)In Maharastra State (Record no. 603348)

MARC details
000 -LEADER
fixed length control field 00616nam a2200157Ia 4500
008 - FIXED-LENGTH DATA ELEMENTS--GENERAL INFORMATION
fixed length control field 100415s9999 xx 000 0 und d
082 ## - DEWEY DECIMAL CLASSIFICATION NUMBER
Item number 20451
Classification number 634.92(54)
100 ## - MAIN ENTRY--PERSONAL NAME
Personal name A.F.C
245 ## - TITLE STATEMENT
Title Status Report On Joint Forest Management (JFM) And Village Eco -oevecoment (VED)In Maharastra State
260 ## - PUBLICATION, DISTRIBUTION, ETC. (IMPRINT)
Place of publication, distribution, etc MUMBAI
Date of publication, distribution, etc 1998
Name of publisher, distributor, etc A.F.C
365 ## - TRADE PRICE
Price amount 0
530 ## - ADDITIONAL PHYSICAL FORM AVAILABLE NOTE
Availability source Donated
630 ## - SUBJECT ADDED ENTRY--UNIFORM TITLE
Uniform title Status Report On Joint Forest Management (JFM) And Village Eco -oevecoment (VED)In Maharastra State
730 ## - ADDED ENTRY--UNIFORM TITLE
Uniform title Status Report On Joint Forest Management (JFM) And Village Eco -oevecoment (VED)In Maharastra State
942 ## - ADDED ENTRY ELEMENTS (KOHA)
Koha item type Book
Holdings
Withdrawn status Lost status Damaged status Not for loan Home library Current library Date acquired Cost, normal purchase price Total Checkouts Full call number Barcode Date last seen Price effective from Koha item type
        Bombay Natural History Society Bombay Natural History Society 06/21/2002 0.00   634.92(54) 20451 BNHS-20451 04/15/2010 04/15/2010 Book